| 000 | 00928cab a2200313 4500 | ||
|---|---|---|---|
| 001 | ABS46719 | ||
| 008 | 090401t1992 xxu||||| |||| 00| 0 eng d | ||
| 035 | _a(Sirsi) u59341 | ||
| 041 | _aeng | ||
| 100 | _aBaker, B. | ||
| 245 | _aCentrefolio: London Midtown | ||
| 260 | _c1992 | ||
| 350 | _a0 | ||
| 490 |
_aChartered Surveyor Weekly _v40(1) 2 July 1992, 27-45(12) |
||
| 520 | _aSurvey of commercial property in the midtown areas of London, including tenant profiles. The building file concerns Verulam Gardens, an office development near the Inns of Court. | ||
| 650 | _aBLOOMSBURY | ||
| 650 | _aCAMDEN | ||
| 650 | _aCITY OF LONDON | ||
| 650 | _aCOVENT GARDEN | ||
| 650 | _aHOLBORN | ||
| 650 | _aOFFICES | ||
| 650 | _aRENTS | ||
| 650 | _aRETAIL | ||
| 650 | _aSTRAND | ||
| 650 | _aWESTMINSTER | ||
| 690 | _aPROPERTY-COMMERCIAL PROPERTY-COMMERCIAL PROPERTY MARKET | ||
| 942 | _n0 | ||
| 948 | _c04/03/1997 | ||
| 999 |
_c36407 _d36407 |
||